000 003870000a22001570004500
003 MACL
005 20150825155604.0
008 150825b xxu||||| |||| 00| 0 eng d
040 _aMACL
_cMACL
041 _aEnglish
082 _a708
245 _aMuseumas and Art Galleries
260 _bPublicaton Division
_aNew Delhi
_c1957
650 _aArts of Museumus
_97409
942 _cBK
_k708
_2ddc
999 _c7849
_d7849